000 00225nam a2200097Ia 4500
008 240331s9999 xx 000 0 und d
082 _bARC
100 _aArcher, J
245 0 _aCat O' Nine Tales :
_bAnd Other Stories
942 _cL
999 _c5714
_d5714